| 000 | 01426nam a2200397 c 4500 | ||
|---|---|---|---|
| 001 | 16441 | ||
| 003 | ES-MaCES | ||
| 005 | 20250121040009.0 | ||
| 008 | 040416s2003 sp ||| | spa d | ||
| 017 |
_aM 12166-2004 _bDL |
||
| 024 | 7 |
_a207-03-063-2 _2nipo |
|
| 035 | _aCES20040006275m | ||
| 040 |
_aES-MaCES _bspa _cES-MaCES |
||
| 100 | 1 |
_aVillota, Paloma de _925965 |
|
| 245 | 1 | 0 |
_aAproximación al análisis de las figuras impositivas del sistema fiscal español desde una perspectiva de género _cPaloma de Villota Gil-Escoín, Ignacio Ferrari Herrero |
| 260 |
_aMadrid _bInstituto de la Mujer _c2003 |
||
| 300 |
_a175 p. _c24 cm |
||
| 490 | 1 |
_aEstudios _v80 |
|
| 504 | _aBibliografía: p. 171-175 | ||
| 541 | _cGratuito | ||
| 650 | 4 |
_arecaudación de impuestos _928087 |
|
| 650 | 4 |
_amujeres _928657 |
|
| 650 | 4 |
_aimpuesto sobre la renta de personas físicas _928084 |
|
| 650 | 4 |
_aimpuesto sobre transmisiones patrimoniales _931306 |
|
| 650 | 4 |
_aimpuesto sobre sociedades _928081 |
|
| 650 | 4 |
_aimpuesto al valor añadido _928094 |
|
| 650 | 4 |
_aresponsabilidades familiares _930598 |
|
| 653 | 1 | 0 | _aMujer |
| 650 | 4 |
_928086 _aimpuesto |
|
| 700 | 1 |
_aFerrari, Ignacio _912031 |
|
| 710 | 2 |
_aInstituto de la Mujer (España) _eed. _94190 |
|
| 830 | 0 |
_aEstudios (Instituto de la Mujer (España)) _v80 _932074 |
|
| 902 | _aLIB Libro | ||
| 942 |
_2CES _cBK _h3.3. |
||
| 999 |
_c16441 _d16441 |
||